000 00818nam a2200241 a 4500
001 BRCA_4656
005 20190320204743.0
008 010228s2000 sp-#######---#000-0#spa-#
020 _a848833348X
041 _aspa
044 _asp
050 4 _aPQ638
_b.G85 2000
100 1 _aGuijarro Ceballos, Javier
_911787
245 1 0 _aLibro segundo de don Clarián de Landanís
_b(Toledo, Juan de Villaquirán, 1522) : guía de lectura /
_cpor Javier Guijarro Ceballos.
260 _aAlcalá de Henares [España] :
_bCentro de Estudios Cervantinos,
_c2000.
300 _a138 p.
_c24 cm.
440 0 _aGuías de lectura caballeresca
_v16
_911788
500 _aIncluye índice general de la colección
504 _aBibliografía: p. [133]-134
650 1 4 _aLiteratura
_zEspaña
_911789
902 _aCERV
942 _2lcc
_cB
999 _c4357
_d4357